Koncepcia priemerného spotrebiteľa v právno-aplikačnej praxi
Problematika aplikácie kritérii ekonomického správania priemerného spotrebiteľa pri posudzovaní nekalých obchodných praktík podľa smernice 2005/29/ES. Vychádza pritom z premisy, v súlade s ktorou sa konkrétne správanie tohto modelového spotrebiteľa v posudzovaných prípadoch nemá vyvodzovať z vykonan...
Guardado en:
| Autor principal: | |
|---|---|
| Otros Autores: | |
| Formato: | Capítulo de libro |
| Lenguaje: | eslovaco |
| Materias: | |
| Etiquetas: |
Sin Etiquetas, Sea el primero en etiquetar este registro!
|
MARC
| LEADER | 00000naa a2200000 4500 | ||
|---|---|---|---|
| 001 | 0257622 | ||
| 005 | 20231108101056.5 | ||
| 041 | 0 | |a slo | |
| 044 | |a SK | ||
| 245 | 1 | 0 | |a Koncepcia priemerného spotrebiteľa v právno-aplikačnej praxi |c Ľuboš Šimončič, Jana Sýkorová |
| 520 | |a Problematika aplikácie kritérii ekonomického správania priemerného spotrebiteľa pri posudzovaní nekalých obchodných praktík podľa smernice 2005/29/ES. Vychádza pritom z premisy, v súlade s ktorou sa konkrétne správanie tohto modelového spotrebiteľa v posudzovaných prípadoch nemá vyvodzovať z vykonaných štatistických zistení, ale má sa určovať v rámci voľnej úvahy správneho alebo súdneho orgánu. | ||
| 610 | 2 | 0 | |a ochrana spotrebiteľa |
| 610 | 2 | 0 | |a správanie spotrebiteľa |
| 610 | 2 | 0 | |a Európsky súd pre ľudské práva |
| 100 | 1 | |a Šimončič, Ľuboš | |
| 700 | 1 | |a Sýkorová, Jana | |